Language Quiz

Random Language or Europe Quiz
Score 0/16 Timer 06:00
0 Plays Today
% Correct
danser (R)
to dance
89.2%
finir (R)
to finish
86.9%
passer (R)
to pass
86.6%
manger (R)
to eat
86.1%
savoir (I)
to know
85.9%
attendre (I)
to wait
84.2%
donner (R)
to give
83.9%
avoir (I)
to have
83.8%
% Correct
aimer (R)
to love; to like
83.1%
ĂȘtre (I)
to be
81.8%
trouver (R)
to find; to discover
81.2%
faire (I)
to do; to make
80.5%
mettre (I)
to put
79.7%
dire (I)
to say; to tell
78.5%
sentir (I)
to feel
78.3%
aller (I)
to go
71.1%
Come Together.
Have Fun.
All Virtual.
We all need to come together. Play Sporcle's virtual live trivia to have fun, connect with people, and get your trivia on. Join a live hosted trivia game for your favorite pub trivia experience done virtually. If a virtual private party is more your thing, go here for details.

You're not logged in!

Compare scores with friends on all Sporcle quizzes.
OR
Log In

Sporcle TV

Today on Sporcle TV


Watch our educational content, quiz creation guides, and fun videos on Sporcle TV.

Show Comments

Extras

Top Quizzes Today


Score Distribution

Paid Content

Your Account Isn't Verified!

In order to create a playlist on Sporcle, you need to verify the email address you used during registration. Go to your Sporcle Settings to finish the process.

Report this User

Report this user for behavior that violates our Community Guidelines.

Details: